| 000 | 01812cam a2200457 4500 | ||
|---|---|---|---|
| 003 | PE-LiUPU | ||
| 005 | 20250731173403.0 | ||
| 008 | 2003 flu | ||
| 020 | _a0829738363 | ||
| 035 | _a(Sirsi) i9780829738360 | ||
| 035 | _a(Sirsi) 45709 | ||
| 035 | _a(Sirsi) 45709 | ||
| 041 | _aes | ||
| 044 | _aus | ||
| 082 | 0 | 4 |
_a248.86 _bB17 |
| 100 | 1 | _aBaker, John | |
| 245 |
_aCelebremos la recuperación : _bguía del líder, un programa de recuperación basado en los ocho principios de las bienaventuranzas / _cJohn Baker. |
||
| 264 | 1 |
_aMiami, Florida : _bEditorial Vida, _c2003 |
|
| 300 |
_a255 páginas ; _c28 centímetros |
||
| 505 | 0 | _aCamino a la recuperación -- Doce pasos y sus comparaciones bíblicas -- De mi corazón al suyo -- Estrategia de inicio de noventa días -- Siete claves para iniciar su ministerio de recuperación y mantenerlo en crecimiento -- Formato de reunio | |
| 526 | _aSEG42 | ||
| 526 | _aSEG41 | ||
| 526 | _aSEG40 | ||
| 526 | _aSEG39 | ||
| 526 | _aP94 | ||
| 526 | _aP87 | ||
| 526 | _aP86 | ||
| 526 | _aP85 | ||
| 526 | _aP77 | ||
| 526 | _aP76 | ||
| 526 | _aP35 | ||
| 630 |
_aBienaventuranzas _xEstudio y enseñanza _vguías |
||
| 650 | 1 | 4 |
_aMovimiento de recuperación _xCristianismo _xEstudio y enseñanza _vGuías |
| 942 |
_2ddc _cBOOK |
||
| 949 |
_a248.86 B17 _i63240 _lCCODEBUL1 _mBUL _tLIBRO _o.STAFF. Colección Teología |
||
| 859 |
_q63240 _h248.86 _iB17 |
||
| 910 |
_agl _b _cjck _d20110804 |
||
| 596 | _a1 | ||
| 999 |
_a248.86 B17 _wDEWEY _c52241 _i63240 _f2021-11-10 _g5 _lCCODEBUL1 _mBUL _p17.00 _r0 _sY _tBOOK _u2015-7-6 _xTEOLOGIA _PP35 _0COMPRA _o.STAFF. Colección Teología _d52241 |
||
| 980 |
_81 _gALBERTO SANCHEZ Responsable de Automatización |
||